LEADER 01893nam a2200349 i 4500 001 991000822739707536 005 20020506124810.0 008 951016s1968 us ||| | eng 035 $ab10134517-39ule_inst 035 $aLE00637431$9ExL 040 $aDip.to Fisica$bita 084 $a52.9.53 100 1 $aSwihart, Thomas L.$0461166 245 10$aAstrophysics and stellar astronomy /$cThomas L. Swihart 260 $aNew York :$bJohn Wiley & Sons,$cc1968 300 $ax, 299 p. :$bill. ;$c23 cm. 490 0 $aSpace science text series 650 4$aStars 907 $a.b10134517$b17-02-17$c27-06-02 912 $a991000822739707536 945 $aLE006 52.9.53+52.9.55 SWI$g1$i2006000009645$lle006$o-$pE0.00$q-$rl$s- $t0$u0$v0$w0$x0$y.i10158352$z27-06-02 945 $aLE006 52.9.53+52.9.55 SWI$g1$i2006000028820$lle006$o-$pE0.00$q-$rl$s- $t0$u0$v0$w0$x0$y.i10158364$z27-06-02 945 $aLE006 52.9.53+52.9.55 SWI$g1$i2006000028998$lle006$o-$pE0.00$q-$rl$s- $t0$u0$v0$w0$x0$y.i10158376$z27-06-02 945 $aLE006 52.9.53+52.9.55 SWI$g1$i2006000029001$lle006$o-$pE0.00$q-$rl$s- $t0$u0$v0$w0$x0$y.i10158388$z27-06-02 945 $aLE006 52.9.53+52.9.55 SWI$g1$i2006000029018$lle006$o-$pE0.00$q-$rl$s- $t0$u0$v0$w0$x0$y.i1015839x$z27-06-02 945 $aLE006 52.9.53+52.9.55 SWI$g1$i2006000029025$lle006$o-$pE0.00$q-$rl$s- $t0$u0$v0$w0$x0$y.i10158406$z27-06-02 945 $aLE006 52.9.53+52.9.55 SWI$g1$i2006000029032$lle006$o-$pE0.00$q-$rl$s- $t0$u0$v0$w0$x0$y.i10158418$z27-06-02 945 $aLE006 52.9.53+52.9.55 SWI$g1$i2006000029049$lle006$o-$pE0.00$q-$rl$s- $t0$u0$v0$w0$x0$y.i1015842x$z27-06-02 945 $aLE006 52.9.53+52.9.55 SWI$g1$iLE006-3883$lle006$on$pE0.00$q-$rl$sm $t0$u0$v0$w0$x0$y.i10158431$z27-06-02 996 $aAstrophysics and stellar astronomy$9185429 997 $aUNISALENTO 998 $ale006$b01-01-95$cm$da $e-$feng$gus $h0$i9